Top 100 polskich youtuberów z największą ilością subskrypcji - Statystyki

Ogólne statystyki
  • Ten quiz został rozwiązany 197 razy
    195 od ostatniego zresetowania
  • Średni wynik to 9 z 100
Statystyki odpowiedzi
# Subskrypcje Youtuberzy % Poprawnych
2 5.20 mln Karol Friz Wiśniewski
95%
1 5.27 mln Blowek
90%
3 5.03 mln ReZigiusz
64%
9 2.67 mln WERSOW
53%
4 3.57 mln Naruciak
38%
20 2.11 mln Wojan
32%
25 1.91 mln Tromba
30%
7 2.79 mln IsAmU
26%
5 3.55 mln SA Wardęga
24%
19 2.14 mln Gimper
23%
10 2.58 mln Kaluch
23%
29 1.79 mln Mandzio
21%
52 1.46 mln MINI MAJK
21%
6 3.38 mln AbstrachujeTV
19%
31 1.71 mln BOXDEL
19%
39 1.65 mln Marcin Dubiel
19%
14 2.29 mln Karolek
16%
72 1.23 mln Natsu
16%
11 2.54 mln Vito Minecraft
16%
28 1.79 mln Jacob
13%
17 2.21 mln Kamerzysta
11%
8 2.70 mln Planeta faktów
11%
16 2.26 mln 5 Sposobów na...
10%
18 2.17 mln izak LIVE
10%
96 1.03 mln Kacper Blonsky
10%
15 2.28 mln Sitr0x
10%
35 1.68 mln Yoshi
10%
57 1.39 mln KSIĄŻULO
9%
40 1.61 mln WAKSY
9%
32 1.71 mln BEKSY
8%
23 1.95 mln DeeJayPallaside
7%
30 1.73 mln JDabrowsky
7%
53 1.45 mln Remigiusz Maciaszek
7%
91 1.05 mln Sheo
7%
13 2.45 mln TheNitroZyniak
7%
54 1.43 mln wip bros
7%
61 1.34 mln Doknes
6%
37 1.67 mln ROJSON
6%
21 2.06 mln Dizowskyy
5%
78 1.13 mln PLKD
5%
48 1.51 mln skkf
5%
84 1.08 mln Abra
4%
36 1.67 mln Agnieszka Grzelak Vlog
4%
27 1.80 mln BRACIA MALCZYŃSCY
4%
60 1.37 mln DisStream
4%
34 1.68 mln FIT LOVERS
4%
92 1.04 mln Mixer
4%
49 1.51 mln Red Lipstick Monster
4%
41 1.59 mln Taco Hemingway
4%
42 1.55 mln Unbox
4%
47 1.51 mln Z Dvpy
4%
59 1.37 mln Cyber Marian
3%
51 1.46 mln dealereq
3%
12 2.45 mln tvnpl
3%
83 1.10 mln ajthepolishamerican
2%
67 1.26 mln Dawid Frank
2%
69 1.25 mln Dominik Łupicki
2%
93 1.04 mln Manoyek
2%
73 1.23 mln Martin Stankiewicz
2%
77 1.16 mln NIEPRZYGOTOWANI: Nowe Pokolenie
2%
75 1.21 mln Poszukiwacz
2%
38 1.66 mln smiechawaTV
2%
70 1.24 mln TRENUJ Z KRZYCHEM
2%
74 1.22 mln WarszawskiKoks
2%
56 1.40 mln Agnieszka Grzelak Beauty
1%
82 1.10 mln AsfaltRecords
1%
26 1.88 mln BORCREW OFFICIAL
1%
58 1.37 mln Da Mian
1%
90 1.05 mln Dezydery
1%
87 1.07 mln Dla Pieniędzy
1%
45 1.53 mln Dominik Rupiński
1%
24 1.94 mln Enduro KeX
1%
66 1.31 mln GilathissNew
1%
62 1.32 mln INTERNAZIOMALE
1%
22 2.03 mln JASNA STRONA
1%
95 1.04 mln MagdalenaMariaMonika
1%
65 1.31 mln Marek AdBuster Hoffmann
1%
68 1.25 mln Medusa Official
1%
43 1.55 mln Miłośnicy czterech kółek -zrób to sam
1%
55 1.42 mln Ponki
1%
46 1.53 mln REMBOL
1%
76 1.17 mln SciFun
1%
88 1.07 mln Sprawdzam Jak
1%
97 1 mln Szparagi
1%
71 1.24 mln Topowa Dycha
1%
50 1.46 mln True Beauty
1%
63 1.32 mln vNARF
1%
100 1 mln yachuprodukcja
1%
86 1.07 mln Ziemniak
1%
79 1.13 mln Anna Zapała
0%
44 1.55 mln Cypisolo
0%
85 1.07 mln Iluzjonista Y
0%
98 1 mln Iwona Blecharczyk
0%
33 1.71 mln Kamil SFINKS Szpejenkowski
0%
64 1.31 mln Kladia Bieszcz
0%
81 1.10 mln Marivo
0%
80 1.13 mln Neffati Brothers
0%
99 1 mln TechnoStrefa
0%
94 1.04 mln Young Igi
0%
89 1.06 mln Zuzanna Borucka
0%
Nie znaleziono quizów pasujących do podanych kryteriów
Rozkład punktacji
Procent ludzi z każdym wynikiem
Percentyl według liczby udzielonych odpowiedzi
Twoja historia wyników
Nie rozwiązałeś tego quizu od ostatniego zresetowania